[Event "Gelsenkirchen Koenigsspringer op"]
[Site "Gelsenkirchen"]
[Date "2019.12.29"]
[Round "5"]
[White "Hirsch, Dominik"]
[Black "Deinert, Wolfgang"]
[Result "0-1"]
[WhiteElo "1465"]
[BlackElo "1747"]
[PlyCount "72"]
[EventDate "2019.12.27"]
[EventType "swiss"]
[EventRounds "7"]
[EventCountry "GER"]
[SourceTitle "CBM 194 Extra"]
[Source "ChessBase"]
[SourceDate "2020.03.31"]
[SourceVersion "1"]
[SourceVersionDate "2020.03.31"]
[SourceQuality "1"]

1. c4 e5 2. g3 Nf6 3. Bg2 Nc6 4. Nc3 Bb4 5. e3 Bxc3 6. bxc3 d6 7. d4 0-0 8. Ne2 Bd7 9. d5 Ne7 10. Qc2 Qc8 11. h3 Ng6 12. e4 Nh5 13. g4 Nh4 14. 0-0 Bxg4 15. hxg4 Qxg4 16. Ng3 Nxg2 17. Kxg2 Nf4+ 18. Kg1 Qh3 19. Bxf4 exf4 20. Qd3 fxg3 21. fxg3 Rae8 22. Rf4 Re5 23. Rh4 Qd7 24. Kg2 Rfe8 25. Rah1 h6 26. Qe3 Qa4 27. Rxh6 Qc2+ 28. Kg1 gxh6 29. Qxh6 Qd1+ 30. Kf2 Rf5+ 31. exf5 Qe2+ 32. Kg1 Qe1+ 33. Kg2 Re2+ 34. Kf3 Rf2+ 35. Kg4 Qe4+ 36. Kg5 Rxf5# 0-1

[Event "Gelsenkirchen Silvester op 6th"]
[Site "Gelsenkirchen"]
[Date "2018.12.30"]
[Round "7"]
[White "Deinert, Wolfgang"]
[Black "Gausmann, Thomas"]
[Result "0-1"]
[WhiteElo "1765"]
[BlackElo "1563"]
[PlyCount "52"]
[EventDate "2018.12.27"]
[EventType "swiss"]
[EventRounds "7"]
[EventCountry "GER"]
[SourceTitle "CBM 188 Extra"]
[Source "ChessBase"]
[SourceDate "2019.02.26"]
[SourceVersion "1"]
[SourceVersionDate "2019.02.26"]
[SourceQuality "1"]

1. e4 e5 2. Nf3 Nc6 3. Bb5 a6 4. Ba4 Nf6 5. 0-0 Nxe4 6. d4 b5 7. Bb3 d5 8. dxe5 Be6 9. c3 Bc5 10. Nbd2 0-0 11. Bc2 Nxf2 12. Rxf2 f6 13. Nb3 Bxf2+ 14. Kxf2 fxe5 15. Kg1 Qf6 16. Bg5 Qf7 17. Qe1 Rae8 18. Qg3 Bf5 19. Bxf5 Qxf5 20. Nc5 Qc2 21. Nd7 Rf7 22. Rc1 Qxb2 23. Nf6+ Rxf6 24. Bxf6 Qxc1+ 25. Ne1 Qh6 26. Bg5 Qg6 0-1

[Event "Gelsenkirchen Silvester op 6th"]
[Site "Gelsenkirchen"]
[Date "2018.12.29"]
[Round "6"]
[White "Cordes, Jule Johanne"]
[Black "Deinert, Wolfgang"]
[Result "0-1"]
[WhiteElo "1586"]
[BlackElo "1765"]
[PlyCount "90"]
[EventDate "2018.12.27"]
[EventType "swiss"]
[EventRounds "7"]
[EventCountry "GER"]
[SourceTitle "CBM 188 Extra"]
[Source "ChessBase"]
[SourceDate "2019.02.26"]
[SourceVersion "1"]
[SourceVersionDate "2019.02.26"]
[SourceQuality "1"]

1. d4 Nf6 2. c4 e6 3. Nc3 Bb4 4. Bg5 h6 5. Bh4 g5 6. Bg3 h5 7. Qc2 Nc6 8. e3 h4 9. Be5 Nxe5 10. dxe5 Ng4 11. Nf3 Bxc3+ 12. Qxc3 b6 13. h3 Nh6 14. e4 Bb7 15. Bd3 g4 16. hxg4 Nxg4 17. Qc2 Qe7 18. 0-0-0 Nxe5 19. Qc3 Nxd3+ 20. Qxd3 0-0-0 21. Kb1 Qf6 22. Ka1 Qf4 23. Rde1 Rdg8 24. Rhg1 f5 25. exf5 Bxf3 26. gxf3 Rxg1 27. Rxg1 Qxf5 28. Qa3 h3 29. Qxa7 Qa5 30. Qxa5 bxa5 31. b3 h2 32. Rh1 c5 33. Kb2 d5 34. cxd5 exd5 35. Kc3 Rh3 36. Kd2 Kd7 37. Ke3 Ke6 38. Kf4 c4 39. bxc4 dxc4 40. Ke3 Ke5 41. Kd2 Kf4 42. Ke2 c3 43. a3 c2 44. Kd2 Kxf3 45. Kxc2 Kg2 0-1

[Event "Gelsenkirchen Silvester op 6th"]
[Site "Gelsenkirchen"]
[Date "2018.12.29"]
[Round "5"]
[White "Deinert, Wolfgang"]
[Black "Lazarev, Vadim"]
[Result "0-1"]
[WhiteElo "1765"]
[BlackElo "1755"]
[PlyCount "36"]
[EventDate "2018.12.27"]
[EventType "swiss"]
[EventRounds "7"]
[EventCountry "GER"]
[SourceTitle "CBM 188 Extra"]
[Source "ChessBase"]
[SourceDate "2019.02.26"]
[SourceVersion "1"]
[SourceVersionDate "2019.02.26"]
[SourceQuality "1"]

1. e4 e5 2. Nf3 Nc6 3. Bb5 a6 4. Ba4 d6 5. d4 exd4 6. Nxd4 Bd7 7. 0-0 b5 8. Bb3 Nxd4 9. Qxd4 c5 10. Qd5 c4 11. Bxc4 bxc4 12. Nc3 Nf6 13. Qg5 h6 14. Qg3 Nh5 15. Qf3 g6 16. Nd5 Bg7 17. g4 Nf6 18. g5 Ng4 0-1

[Event "Gelsenkirchen Silvester op 5th"]
[Site "Gelsenkirchen"]
[Date "2017.12.29"]
[Round "5"]
[White "Schimnatkowski, Lukas"]
[Black "Deinert, Wolfgang"]
[Result "1-0"]
[WhiteElo "2031"]
[BlackElo "1697"]
[PlyCount "103"]
[EventDate "2017.12.27"]
[EventType "swiss"]
[EventRounds "5"]
[EventCountry "GER"]
[SourceTitle "CBM 182 Extra"]
[Source "ChessBase"]
[SourceDate "2018.02.23"]
[SourceVersion "1"]
[SourceVersionDate "2018.02.23"]
[SourceQuality "1"]

1. e4 c5 2. b3 Nc6 3. Bb2 e5 4. Bc4 Nf6 5. d3 d6 6. Ne2 a6 7. a4 Be7 8. 0-0 0-0 9. h3 d5 10. exd5 Nxd5 11. Nd2 Kh8 12. Nf3 f6 13. a5 Nd4 14. Nd2 Be6 15. Nc3 Nf4 16. Bxe6 Ndxe6 17. Ne2 Qd5 18. Nxf4 Nxf4 19. Qf3 Rfd8 20. Qxd5 Rxd5 21. Nc4 Rad8 22. Rfe1 Ne6 23. Kf1 Nd4 24. Bxd4 cxd4 25. Ra4 Rb5 26. f4 Bb4 27. Rxb4 Rxb4 28. fxe5 fxe5 29. Rxe5 Rb5 30. Re7 Kg8 31. Ke2 Kf8 32. Rc7 Re8+ 33. Kf3 Re7 34. Rc8+ Kf7 35. Nd6+ Ke6 36. Nxb5 axb5 37. Rc5 Kd6 38. Rxb5 Kc6 39. Rf5 g6 40. Rg5 Re3+ 41. Kf2 Re7 42. b4 Rf7+ 43. Ke2 Re7+ 44. Kf3 Re3+ 45. Kf2 Re7 46. Rc5+ Kd6 47. Kf3 h6 48. h4 Re3+ 49. Kf4 Re2 50. g4 Re7 51. Rb5 Rc7 52. Ke4 1-0

[Event "Gelsenkirchen Silvester op 5th"]
[Site "Gelsenkirchen"]
[Date "2017.12.27"]
[Round "2"]
[White "Deinert, Wolfgang"]
[Black "Lehmkau, Steffen"]
[Result "1/2-1/2"]
[WhiteElo "1697"]
[BlackElo "1526"]
[PlyCount "57"]
[EventDate "2017.12.27"]
[EventType "swiss"]
[EventRounds "5"]
[EventCountry "GER"]
[SourceTitle "CBM 182 Extra"]
[Source "ChessBase"]
[SourceDate "2018.02.23"]
[SourceVersion "1"]
[SourceVersionDate "2018.02.23"]
[SourceQuality "1"]

1. e4 e5 2. Nf3 Nc6 3. Bb5 a6 4. Ba4 Nf6 5. 0-0 b5 6. Bb3 Be7 7. c3 d6 8. h3 0-0 9. d4 Bb7 10. Re1 h6 11. Nbd2 Re8 12. Nf1 Bf8 13. Ng3 Na5 14. Bc2 c5 15. a4 Nc4 16. b3 Nb6 17. axb5 axb5 18. Bb2 c4 19. Rxa8 Qxa8 20. Qa1 Qb8 21. d5 Bc8 22. Nd2 Bd7 23. Qa3 Qc7 24. bxc4 Ra8 25. Qb4 bxc4 26. Ra1 Rb8 27. Qa3 Ra8 28. Qb4 Rb8 29. Qa3 1/2-1/2

[Event "Gelsenkirchen Silvester op 5th"]
[Site "Gelsenkirchen"]
[Date "2017.12.27"]
[Round "1"]
[White "Pokropp, Hans Georg"]
[Black "Deinert, Wolfgang"]
[Result "1/2-1/2"]
[WhiteElo "1436"]
[BlackElo "1697"]
[PlyCount "93"]
[EventDate "2017.12.27"]
[EventType "swiss"]
[EventRounds "5"]
[EventCountry "GER"]
[SourceTitle "CBM 182 Extra"]
[Source "ChessBase"]
[SourceDate "2018.02.23"]
[SourceVersion "1"]
[SourceVersionDate "2018.02.23"]
[SourceQuality "1"]

1. e4 c5 2. Nf3 d6 3. d4 cxd4 4. Nxd4 Nf6 5. Nc3 e6 6. Be3 Be7 7. Be2 0-0 8. Qd2 a6 9. 0-0 Qc7 10. Rac1 b5 11. a3 Bb7 12. f3 Nc6 13. Nxc6 Qxc6 14. Kh1 Rfd8 15. Bg5 Rac8 16. Bd3 Qc7 17. Qf2 Ng4 18. Qh4 Bxg5 19. Qxg5 Ne5 20. Ne2 Nc4 21. Bxc4 bxc4 22. Ng3 h6 23. Qe3 d5 24. exd5 exd5 25. c3 Qc5 26. Qxc5 Rxc5 27. Nf5 Rb5 28. Rf2 Kf8 29. Re1 Bc8 30. Nd4 Rb6 31. Kg1 Re8 32. Rfe2 Rxe2 33. Rxe2 Be6 34. Kf2 g6 35. g3 Ke7 36. f4 Kf6 37. Kf3 h5 38. Kf2 Bg4 39. Rd2 Ke7 40. Kg2 Kd6 41. h3 Bd7 42. Nf3 f6 43. h4 Bf5 44. Nd4 Be4+ 45. Kf2 Kc5 46. Ke1 a5 47. Kf2 1/2-1/2

[Event "Dortmund Sparkassen op-B 44th"]
[Site "Dortmund"]
[Date "2016.07.14"]
[Round "6"]
[White "Gausmann, Thomas"]
[Black "Deinert, Wolfgang"]
[Result "0-1"]
[WhiteElo "1445"]
[BlackElo "1691"]
[PlyCount "42"]
[EventDate "2016.07.09"]
[EventType "swiss"]
[EventRounds "9"]
[EventCountry "GER"]
[SourceTitle "CBM 173 Extra"]
[Source "ChessBase"]
[SourceDate "2016.08.29"]
[SourceVersion "1"]
[SourceVersionDate "2016.08.29"]
[SourceQuality "1"]

1. e4 c5 2. Nf3 d6 3. c3 Nc6 4. d4 cxd4 5. cxd4 e6 6. Nc3 Be7 7. Bc4 Nf6 8. 0-0 0-0 9. Bb3 a6 10. Bg5 b5 11. a3 Bb7 12. Qd3 Rc8 13. Rac1 Na5 14. Bxf6 Nxb3 15. Bxe7 Nxc1 16. Rxc1 Qxe7 17. Re1 Qc7 18. Qe3 Qb6 19. e5 Bxf3 20. Qxf3 Qxd4 21. exd6 Qxd6 0-1

[Event "Dortmund Sparkassen op-B"]
[Site "Dortmund"]
[Date "2015.06.30"]
[Round "4"]
[White "Aust, Werner"]
[Black "Deinert, Wolfgang"]
[Result "0-1"]
[WhiteElo "1504"]
[BlackElo "1654"]
[PlyCount "106"]
[EventDate "2015.06.27"]
[EventType "swiss"]
[EventRounds "9"]
[EventCountry "GER"]
[SourceTitle "CBM 167 Extra"]
[Source "ChessBase"]
[SourceDate "2015.09.14"]
[SourceVersion "1"]
[SourceVersionDate "2015.09.14"]
[SourceQuality "1"]

1. e4 c5 2. Nf3 d6 3. d4 cxd4 4. Nxd4 Nf6 5. Nc3 e6 6. Be2 Be7 7. Be3 0-0 8. 0-0 b6 9. f4 Bb7 10. e5 dxe5 11. fxe5 Ne4 12. Nxe4 Bxe4 13. Bf3 Bxf3 14. Qxf3 Na6 15. Nc6 Qc7 16. Nxe7+ Qxe7 17. c3 Rac8 18. Rad1 Rcd8 19. Kh1 Rxd1 20. Rxd1 Rd8 21. Rxd8+ Qxd8 22. h3 Qd5 23. Qxd5 exd5 24. b3 Kf8 25. c4 dxc4 26. bxc4 Ke7 27. Kg1 Ke6 28. Bd4 Nc5 29. Kf1 Nd3 30. Ke2 Nxe5 31. c5 bxc5 32. Bxc5 Nc6 33. Ke3 g5 34. g4 f5 35. gxf5+ Kxf5 36. Bf8 h5 37. Bd6 g4 38. hxg4+ Kxg4 39. Kf2 h4 40. Kg1 a6 41. Kh2 Nd4 42. a3 h3 43. Bc7 Nb5 44. Ba5 Nxa3 45. Bb4 Nc4 46. Bc3 a5 47. Bh8 a4 48. Bg7 a3 49. Bh8 a2 50. Bg7 Nd2 51. Kh1 Nf1 52. Be5 Nd2 53. Kh2 Nf3+ 0-1

[Event "Dortmund Sparkassen op-B"]
[Site "Dortmund"]
[Date "2015.06.28"]
[Round "2"]
[White "Deinert, Wolfgang"]
[Black "Wiese, Thomas"]
[Result "1/2-1/2"]
[WhiteElo "1654"]
[BlackElo "1872"]
[PlyCount "46"]
[EventDate "2015.06.27"]
[EventType "swiss"]
[EventRounds "9"]
[EventCountry "GER"]
[SourceTitle "CBM 167 Extra"]
[Source "ChessBase"]
[SourceDate "2015.09.14"]
[SourceVersion "1"]
[SourceVersionDate "2015.09.14"]
[SourceQuality "1"]

1. e4 e6 2. d4 d5 3. Nc3 Bb4 4. e5 c5 5. a3 Ba5 6. b4 cxd4 7. Qxd4 Bc7 8. Nf3 Nc6 9. Bb5 Nge7 10. 0-0 Bd7 11. Bxc6 Nxc6 12. Qg4 Rg8 13. Re1 Ne7 14. Bg5 h6 15. Bxe7 Qxe7 16. Nd4 0-0-0 17. Ncb5 Bxb5 18. Nxb5 Kb8 19. c4 dxc4 20. Qxc4 a6 21. Nxc7 Qxc7 22. Rac1 Qxc4 23. Rxc4 Rd7 1/2-1/2

[Event "Dortmund Sparkassen op-A"]
[Site "Dortmund"]
[Date "2014.07.18"]
[Round "7"]
[White "Oberste, Norbert"]
[Black "Deinert, Wolfgang"]
[Result "1-0"]
[WhiteElo "1758"]
[BlackElo "1772"]
[PlyCount "87"]
[EventDate "2014.07.12"]
[EventType "swiss"]
[EventRounds "9"]
[EventCountry "GER"]
[SourceTitle "CBM 161 Extra"]
[Source "ChessBase"]
[SourceDate "2014.08.29"]
[SourceVersion "1"]
[SourceVersionDate "2014.08.29"]
[SourceQuality "1"]

1. f4 d5 2. Nf3 Nf6 3. e3 c5 4. d4 e6 5. c3 Nc6 6. Bd3 Bd7 7. Nbd2 Qc7 8. Ne5 cxd4 9. exd4 Ne7 10. g4 Ng6 11. Ndf3 Bc6 12. Qe2 Nxe5 13. Nxe5 Nd7 14. Nxc6 bxc6 15. f5 e5 16. dxe5 Qxe5 17. Bf4 Qxe2+ 18. Bxe2 Nc5 19. 0-0 Ne4 20. Be5 Kd7 21. b4 Re8 22. Bd4 Nxc3 23. Bxc3 Rxe2 24. Rfd1 Bd6 25. b5 Rhe8 26. bxc6+ Kxc6 27. Bd4 Bxh2+ 28. Kf1 Bf4 29. Bxa7 Rh2 30. Bg1 Rb2 31. a4 g6 32. a5 Ra8 33. a6 Rb5 34. a7 gxf5 35. gxf5 h5 36. Ra6+ Kd7 37. f6 h4 38. Kg2 Bd6 39. Kh3 Rb3+ 40. Kg2 Rg8+ 41. Kf1 Rf3+ 42. Ke2 Rf4 43. a8Q Rg2+ 44. Kd3 1-0

[Event "Dortmund Sparkassen op-A"]
[Site "Dortmund"]
[Date "2014.07.16"]
[Round "5"]
[White "Deinert, Wolfgang"]
[Black "Schuelke, Tilman"]
[Result "0-1"]
[WhiteElo "1772"]
[BlackElo "1972"]
[PlyCount "48"]
[EventDate "2014.07.12"]
[EventType "swiss"]
[EventRounds "9"]
[EventCountry "GER"]
[SourceTitle "CBM 161 Extra"]
[Source "ChessBase"]
[SourceDate "2014.08.29"]
[SourceVersion "1"]
[SourceVersionDate "2014.08.29"]
[SourceQuality "1"]

1. e4 g6 2. d4 Bg7 3. c3 d6 4. f4 e6 5. Nf3 Ne7 6. Bd3 a6 7. Nbd2 h6 8. 0-0 0-0 9. Nc4 b6 10. Ne3 f5 11. exf5 exf5 12. Qb3+ d5 13. Ne5 Kh7 14. Bd2 c5 15. Rae1 c4 16. N3xc4 dxc4 17. Bxc4 Nbc6 18. Nxc6 Nxc6 19. Bf7 Ra7 20. Qd5 Rfxf7 21. Qxc6 Rae7 22. Rxe7 Rxe7 23. Re1 Bb7 24. Qa4 Qd5 0-1

[Event "Dortmund Sparkassen op-A"]
[Site "Dortmund"]
[Date "2013.08.02"]
[Round "7"]
[White "Grahl, Matthias"]
[Black "Deinert, Wolfgang"]
[Result "1/2-1/2"]
[WhiteElo "1935"]
[BlackElo "1778"]
[PlyCount "104"]
[EventDate "2013.07.27"]
[EventType "swiss"]
[EventRounds "9"]
[EventCountry "GER"]
[SourceTitle "CBM 155 Extra"]
[Source "ChessBase"]
[SourceDate "2013.08.26"]
[SourceVersion "1"]
[SourceVersionDate "2013.08.26"]
[SourceQuality "1"]

1. e4 e6 2. d4 d5 3. Nc3 Bb4 4. e5 c5 5. a3 Bxc3+ 6. bxc3 Ne7 7. Nf3 Qa5 8. Bd2 Qa4 9. Be2 b6 10. 0-0 Ba6 11. Bxa6 Nxa6 12. Qb1 0-0 13. Qb3 Qxb3 14. cxb3 Rfc8 15. Rfc1 c4 16. b4 Nc7 17. a4 a6 18. Ne1 b5 19. a5 f6 20. exf6 gxf6 21. Bf4 Kf7 22. Bxc7 Rxc7 23. f4 Rg8 24. Kf2 Nf5 25. Ra2 Nd6 26. Nf3 Rg4 27. g3 Rc8 28. Re2 Rcg8 29. Nd2 h5 30. Rce1 h4 31. Rxe6 hxg3+ 32. hxg3 Nf5 33. Rxa6 Rxg3 34. Ra7+ Kg6 35. Rg1 Rxg1 36. Kxg1 Kh5+ 37. Kf2 Kg4 38. Rf7 Kxf4 39. Rxf6 Rh8 40. a6 Kg5 41. Re6 Rh2+ 42. Ke1 Kf4 43. a7 Rh8 44. Rb6 Ra8 45. Rxb5 Rxa7 46. Ra5 Re7+ 47. Kd1 Ne3+ 48. Kc1 Rg7 49. Ra2 Rg1+ 50. Kb2 Nd1+ 51. Kc2 Ne3+ 52. Kb2 Nd1+ 1/2-1/2

[Event "Dortmund Sparkassen op-A"]
[Site "Dortmund"]
[Date "2013.07.30"]
[Round "4"]
[White "Deinert, Wolfgang"]
[Black "Morgenroth, Hubertus"]
[Result "1/2-1/2"]
[WhiteElo "1778"]
[BlackElo "1857"]
[PlyCount "125"]
[EventDate "2013.07.27"]
[EventType "swiss"]
[EventRounds "9"]
[EventCountry "GER"]
[SourceTitle "CBM 155 Extra"]
[Source "ChessBase"]
[SourceDate "2013.08.26"]
[SourceVersion "1"]
[SourceVersionDate "2013.08.26"]
[SourceQuality "1"]

1. e4 e5 2. Nf3 d6 3. d4 exd4 4. Nxd4 Nf6 5. Nc3 Be7 6. Be2 0-0 7. Be3 Nc6 8. Nxc6 bxc6 9. 0-0 Re8 10. Qd2 Ng4 11. Rfd1 Nxe3 12. Qxe3 Bf6 13. Rab1 Bf5 14. Bf3 Qd7 15. Qf4 Bg6 16. Ne2 Rab8 17. b4 Be5 18. Qh4 Qe6 19. Nf4 Qxa2 20. Nxg6 hxg6 21. Bg4 Qxc2 22. Bd7 Bf6 23. Qh3 Rxe4 24. Rbc1 Qe2 25. Bxc6 Re7 26. b5 Bd4 27. Rf1 Qe5 28. Qh4 Bc5 29. Ra1 d5 30. Rac1 d4 31. Qh3 Bb6 32. Qd3 Qe2 33. Qb3 Rd8 34. Bf3 Qe5 35. Qd3 Qf4 36. Qa3 Red7 37. h3 Rd6 38. Qb3 d3 39. Bg4 Qg5 40. Rfd1 Qf4 41. Bf3 d2 42. Rc4 Qf6 43. Qb4 Rd4 44. Rxd4 Qxd4 45. Qxd4 Rxd4 46. Kf1 Ba5 47. Ke2 Rd7 48. Bc6 Re7+ 49. Kd3 Re1 50. Bf3 Rxd1 51. Bxd1 Kf8 52. Kc4 Ke7 53. Kd5 Kd7 54. f3 Ke7 55. f4 Kf6 56. g4 g5 57. f5 g6 58. fxg6 Kxg6 59. Bc2+ Kf6 60. Bd1 Ke7 61. Ke4 f6 62. Kd5 Kd7 63. Bc2 1/2-1/2

[Event "Unna op"]
[Site "Unna"]
[Date "2012.12.27"]
[Round "1"]
[White "Deinert, Wolfgang"]
[Black "Litwak, Aleksej"]
[Result "0-1"]
[WhiteElo "1793"]
[BlackElo "2263"]
[PlyCount "40"]
[EventDate "2012.12.27"]
[EventType "swiss"]
[EventRounds "7"]
[EventCountry "GER"]
[SourceTitle "CBM 152 Extra"]
[Source "ChessBase"]
[SourceDate "2013.02.25"]
[SourceVersion "1"]
[SourceVersionDate "2013.02.25"]
[SourceQuality "1"]

1. e4 c5 2. Nf3 e6 3. d4 cxd4 4. Nxd4 Nf6 5. Nc3 Nc6 6. Ndb5 Bb4 7. Nd6+ Ke7 8. Bf4 e5 9. Nf5+ Kf8 10. Bd2 d5 11. Ng3 d4 12. Na4 Bg4 13. Be2 Bxe2 14. Qxe2 Qa5 15. b3 h5 16. f3 h4 17. Nf5 Rd8 18. g3 hxg3 19. Nxg3 d3 20. cxd3 Nd4 0-1

[Event "Dortmund Sparkassen op-A"]
[Site "Dortmund"]
[Date "2012.07.21"]
[Round "8"]
[White "Deinert, Wolfgang"]
[Black "Sieberg, Rolf"]
[Result "1/2-1/2"]
[WhiteElo "1811"]
[BlackElo "1931"]
[PlyCount "34"]
[EventDate "2012.07.14"]
[EventType "swiss"]
[EventRounds "9"]
[EventCountry "GER"]
[SourceTitle "CBM 149 Extra"]
[Source "ChessBase"]
[SourceDate "2012.08.24"]
[SourceVersion "1"]
[SourceVersionDate "2012.08.24"]
[SourceQuality "1"]

1. e4 e5 2. Nf3 Nc6 3. Bb5 a6 4. Ba4 Nf6 5. 0-0 Be7 6. Re1 b5 7. Bb3 0-0 8. c3 d5 9. exd5 Nxd5 10. Nxe5 Nxe5 11. Rxe5 c6 12. d4 Bd6 13. Re1 Qh4 14. g3 Qh3 15. Qd3 Bf5 16. Qf1 Qh5 17. f4 Bh3 1/2-1/2

[Event "Dortmund Sparkassen op-A"]
[Site "Dortmund"]
[Date "2012.07.14"]
[Round "1"]
[White "Deinert, Wolfgang"]
[Black "Schorra, Helmut"]
[Result "0-1"]
[WhiteElo "1811"]
[BlackElo "2081"]
[PlyCount "32"]
[EventDate "2012.07.14"]
[EventType "swiss"]
[EventRounds "9"]
[EventCountry "GER"]
[SourceTitle "CBM 149 Extra"]
[Source "ChessBase"]
[SourceDate "2012.08.24"]
[SourceVersion "1"]
[SourceVersionDate "2012.08.24"]
[SourceQuality "1"]

1. e4 c5 2. Nf3 d6 3. d4 cxd4 4. Nxd4 Nf6 5. Nc3 a6 6. Bg5 e6 7. f4 h6 8. Bh4 Be7 9. Qf3 Nbd7 10. 0-0-0 Qc7 11. g4 g5 12. fxg5 Ne5 13. Qf4 Nfxg4 14. Be2 Qc5 15. Bxg4 hxg5 16. Bxg5 Bxg5 0-1

[Event "Recklinghaeuser op"]
[Site "Recklinghausen"]
[Date "2011.08.19"]
[Round "5"]
[White "Deinert, Wolfgang"]
[Black "Kiese, Matthias"]
[Result "0-1"]
[WhiteElo "1843"]
[BlackElo "2258"]
[PlyCount "92"]
[EventDate "2011.08.15"]
[EventType "swiss"]
[EventRounds "7"]
[EventCountry "GER"]
[SourceTitle "CBM 144 Extra"]
[Source "ChessBase"]
[SourceDate "2011.10.28"]
[SourceVersion "1"]
[SourceVersionDate "2011.10.28"]
[SourceQuality "1"]

1. e4 c5 2. Nf3 d6 3. d4 cxd4 4. Nxd4 Nf6 5. Nc3 a6 6. Bg5 e6 7. f4 Be7 8. Qf3 Qc7 9. 0-0-0 Nbd7 10. g4 b5 11. Bxf6 Nxf6 12. g5 Nd7 13. f5 Bxg5+ 14. Kb1 Ne5 15. Qh5 Qe7 16. fxe6 g6 17. exf7+ Kxf7 18. Qe2 Bg4 19. Qf2+ Qf6 20. Qxf6+ Bxf6 21. Be2 Bc8 22. Rhf1 Kg7 23. Nd5 Bd8 24. Nf4 Re8 25. Bd3 Ra7 26. Nde2 Rf7 27. Ng3 Ref8 28. Nd5 h5 29. Rxf7+ Rxf7 30. Rg1 Kh6 31. Rf1 Rxf1+ 32. Nxf1 Kg5 33. Kc1 Be6 34. Kd1 Bxd5 35. exd5 Nxd3 36. cxd3 Kg4 37. Ke2 Bf6 38. b3 Be5 39. Kf2 Kh3 40. Nd2 Bxh2 41. d4 Kg4 42. a4 bxa4 43. bxa4 h4 44. Nc4 Bg3+ 45. Kg2 h3+ 46. Kh1 Bf4 0-1

[Event "Recklinghaeuser op"]
[Site "Recklinghausen"]
[Date "2011.08.17"]
[Round "3"]
[White "Deinert, Wolfgang"]
[Black "Reichardt, Sven"]
[Result "1-0"]
[WhiteElo "1843"]
[BlackElo "1989"]
[PlyCount "105"]
[EventDate "2011.08.15"]
[EventType "swiss"]
[EventRounds "7"]
[EventCountry "GER"]
[SourceTitle "CBM 144 Extra"]
[Source "ChessBase"]
[SourceDate "2011.10.28"]
[SourceVersion "1"]
[SourceVersionDate "2011.10.28"]
[SourceQuality "1"]

1. e4 e5 2. Nf3 Nc6 3. Bb5 a6 4. Ba4 Nf6 5. 0-0 Nxe4 6. d4 b5 7. Bb3 d5 8. dxe5 Be6 9. c3 Be7 10. Re1 0-0 11. Nbd2 Nc5 12. Bc2 Re8 13. Nf1 Bg4 14. Ng3 Nb8 15. h3 Bxf3 16. Qxf3 Ne6 17. Be3 c6 18. Rad1 Nd7 19. Bc1 Bg5 20. Nf5 Bxc1 21. Rxc1 Ndf8 22. Nd6 Re7 23. Qf5 Rd7 24. Re3 Qg5 25. Rce1 Qxf5 26. Nxf5 Ng6 27. g3 c5 28. f4 d4 29. cxd4 Nxd4 30. Nxd4 cxd4 31. Rd3 Ne7 32. Bb3 Kf8 33. Bxf7 Nc6 34. Bh5 Nb4 35. Rd2 Ke7 36. a3 Nc6 37. Rc1 Nd8 38. Rcd1 Ne6 39. f5 Ng5 40. h4 Ne4 41. Rd3 Rad8 42. Rc1 Rd5 43. Rc7+ R8d7 44. Rc8 Rd8 45. Rxd8 Kxd8 46. Bf3 Nc5 47. Bxd5 Nxd3 48. f6 gxf6 49. exf6 Ke8 50. b4 Nb2 51. Kf1 Nc4 52. Bxc4 bxc4 53. a4 1-0

[Event "Dortmund Sparkassen op-A"]
[Site "Dortmund"]
[Date "2011.07.27"]
[Round "5"]
[White "Ehrlacher, Markus"]
[Black "Deinert, Wolfgang"]
[Result "1-0"]
[WhiteElo "1928"]
[BlackElo "1843"]
[PlyCount "79"]
[EventDate "2011.07.23"]
[EventType "swiss"]
[EventRounds "9"]
[EventCountry "GER"]
[SourceTitle "CBM 143 Extra"]
[Source "ChessBase"]
[SourceDate "2011.08.29"]
[SourceVersion "1"]
[SourceVersionDate "2011.08.29"]
[SourceQuality "1"]

1. d4 Nf6 2. Nf3 d5 3. e3 e6 4. Bd3 Bd6 5. Nbd2 0-0 6. 0-0 c5 7. c3 Nc6 8. dxc5 Bxc5 9. e4 dxe4 10. Nxe4 Nxe4 11. Bxe4 Qb6 12. Qe2 Rd8 13. Be3 Bxe3 14. fxe3 Bd7 15. Ng5 Ne5 16. Bxh7+ Kf8 17. Rf4 Rac8 18. Raf1 Be8 19. Rb4 Qc6 20. Be4 Qd6 21. Rxb7 f6 22. Rxa7 Nc4 23. Qg4 Rd7 24. Nxe6+ Kg8 25. Rxd7 Qxd7 26. Bd5 Ne5 27. Nf4+ Qxd5 28. Nxd5 Nxg4 29. Ne7+ Kf8 30. Nxc8 Nxe3 31. Re1 Nf5 32. g4 Nh4 33. Kf2 Bd7 34. Nd6 Ng6 35. h3 Nf4 36. Kg3 Nd3 37. Re2 Ne5 38. Rxe5 fxe5 39. c4 Ke7 40. Nf5+ 1-0

[Event "Dortmund Sparkassen op-A"]
[Site "Dortmund"]
[Date "2011.07.24"]
[Round "2"]
[White "Hillebrand, Carsten"]
[Black "Deinert, Wolfgang"]
[Result "1/2-1/2"]
[WhiteElo "2145"]
[BlackElo "1843"]
[PlyCount "104"]
[EventDate "2011.07.23"]
[EventType "swiss"]
[EventRounds "9"]
[EventCountry "GER"]
[SourceTitle "CBM 143 Extra"]
[Source "ChessBase"]
[SourceDate "2011.08.29"]
[SourceVersion "1"]
[SourceVersionDate "2011.08.29"]
[SourceQuality "1"]

1. c4 e5 2. g3 d5 3. cxd5 Qxd5 4. Nf3 Be6 5. Nc3 Qd7 6. Nxe5 Qd6 7. Nf3 Be7 8. Bg2 Nc6 9. d3 Nf6 10. Bf4 Qd7 11. Ng5 0-0 12. Nxe6 fxe6 13. 0-0 e5 14. Bd2 Rab8 15. Qa4 Nd4 16. Qxd7 Nxd7 17. Bh3 Nf6 18. Bg2 c6 19. Rad1 Bc5 20. e3 Ne6 21. Ne2 Rbd8 22. Bc3 Ng4 23. Bh3 h5 24. Bxg4 hxg4 25. Bxe5 Ng5 26. d4 Nf3+ 27. Kg2 Rf5 28. dxc5 Rxd1 29. Rxd1 Rxe5 30. Rd8+ Kh7 31. Nd4 Rxc5 32. Nxf3 gxf3+ 33. Kxf3 Rc2 34. Rd4 Rxb2 35. Ra4 a6 36. Ra3 c5 37. Ke4 Rxf2 38. Kd5 Rf5+ 39. Ke4 Rf6 40. Rb3 b5 41. Rb2 Re6+ 42. Kd5 Rxe3 43. Kxc5 Ra3 44. Kb4 g5 45. Rd2 Kg6 46. h3 Kf6 47. Rd6+ Ke5 48. Rg6 Kf5 49. Rc6 Ke5 50. Rc5+ Kf6 51. Rc6+ Kf5 52. Rc5+ Kf6 1/2-1/2

[Event "Dortmund Sparkassen op-A"]
[Site "Dortmund"]
[Date "2011.07.23"]
[Round "1"]
[White "Topp, Michael"]
[Black "Deinert, Wolfgang"]
[Result "1-0"]
[WhiteElo "2102"]
[BlackElo "1843"]
[PlyCount "69"]
[EventDate "2011.07.23"]
[EventType "swiss"]
[EventRounds "9"]
[EventCountry "GER"]
[SourceTitle "CBM 143 Extra"]
[Source "ChessBase"]
[SourceDate "2011.08.29"]
[SourceVersion "1"]
[SourceVersionDate "2011.08.29"]
[SourceQuality "1"]

1. c4 e5 2. g3 Nc6 3. Nc3 Nf6 4. Bg2 Bb4 5. Nd5 0-0 6. Nf3 d6 7. 0-0 a5 8. d3 Nd7 9. e3 e4 10. dxe4 Nde5 11. Qc2 Nxf3+ 12. Bxf3 Bh3 13. Bg2 Bxg2 14. Kxg2 h5 15. b3 h4 16. Bb2 Qd7 17. f3 Ne5 18. Bd4 Ra6 19. a3 Bc5 20. Rad1 Bxd4 21. exd4 Ng6 22. Qd2 c6 23. Nf4 Nxf4+ 24. Qxf4 Rb6 25. Rd3 Ra6 26. Rfd1 d5 27. c5 hxg3 28. hxg3 b5 29. Qd6 Qxd6 30. cxd6 dxe4 31. fxe4 f6 32. Rc1 Kf7 33. d5 cxd5 34. Rxd5 b4 35. Rc7+ 1-0